Potluck Geography Scramble #1 - Statistics

General Stats
  • This quiz has been taken 1,010 times
  • The average score is 9 of 18
Answer Stats
Category Answer % Correct
Tower Eiffel
89%
Beach Waikiki
70%
Mountain Vesuvius
68%
U.S. state Colorado
61%
Asian country Mongolia
60%
African country Liberia
59%
River Thames
54%
S. American capital Brasilia
52%
Tree Sequoia
48%
European city Naples
45%
English county Cornwall
43%
Desert Kalahari
38%
Lake Superior
37%
Sea Caspian
32%
Island Borneo
30%
Oceanic capital Honiara
24%
U.S. State capital Nashville
24%
N. American city Baltimore
19%
No matching quizzes found
Score Distribution
Percent of People with Each Score
Percentile by Number Answered
Your Score History
You have not taken this quiz